01025cam a22002651a 4500001001300000003000400013005001700017008004100034010001700075035001900092040002300111042001200134043001200146050001600158245031800174260005000492300002000542651004300562651002900605650003000634650002600664700003200690740002000722999001700742rc 01000996 DLC20260227111902.0800507s1856 iau 000 0 eng  arc 01000996  a(OCoLC)6289072 aDLCcOCUdWHidDLC apremarc an-us-ia00aF629.K3bC600aCity of Keokuk in 1856 :ba view of the city, embracing its commerce and manufactures, and containing the inaugural address of Mayor Curtis, and statistical local information : also, a sketch of the Black Hawk War, and history of the Half Breed Tract /chistorical and statistical matter written by Orion Clemens. aKeokuk [Iowa] :bPrintd by O. Clemens,c1856. a44 p. ;c23 cm. 0aKeokuk (Iowa)xDescription and travel. 0aKeokuk (Iowa)xCommerce. 0aIndustrieszIowazKeokuk. 0aBlack Hawk War, 1832.1 aClemens, Orion,d1825-1897.0 aKeokuk in 1856. c51977d51977